Women‘s Football Knowledge - Statistics

General Stats
  • This quiz has been taken 337 times
  • The average score is 11 of 20
Answer Stats
Question Answer % Correct
Which team won the last Women‘s Euros in 2022? England
95%
Who are the current World Cup Champions? Spain
86%
Which nation has won the most World Cups? United States
85%
Where was the 2023 Women‘s World Cup? Australia, New Zealand
82%
Which country has won the Euro‘s eight times? Germany
79%
Which player has won the most Ballon d‘Or Féminines? Alexia Putellas
77%
Who won the first Ballon d‘Or Féminin in 2018? Ada Hegerberg
72%
Which player won the World Cup, the Ballon d‘Or Féminin and the UEFA Women‘s Player of the Year Award all in 2023? Aitana Bonmatí
68%
Which team won the 2022-23 Women‘s Champions League? Barcelona
68%
Which football club has won the most Champions League trophies? Lyon
61%
Who is considered the GOAT of Women‘s Football? Marta
57%
When was the first Women‘s World Cup held? 1991
51%
Which player has won the most Champions League trophies? Wendie Renard
50%
Who won at the 2016 Olympics? Germany
48%
Who is the all time top goalscorer at the World Cup? Marta
46%
Which player has with 190 international goals the most? Christine Sinclair
43%
How many people made up the biggest attendance in women‘s football so far? 91.648
42%
Who is the Euro‘s all time top goalscorer? Inka Grings, Birgit Prinz
16%
How many times did Sweden came 3rd at the World Cup? 4
9%
Which player has the most international caps? Kristine Lilly
6%
No matching quizzes found
Score Distribution
Percent of People with Each Score
Percentile by Number Answered
Your Score History
You have not taken this quiz